Az e-kereskedelem fejlődése és trendjei Az Amazon sikertényezőinek elemzése
| Main Author: | |
|---|---|
| Other Authors: | |
| Format: | Project work |
| Kulcsszavak: | e-kereskedelem elektronikus kereskedelem - online kereskedelem elektronikus vásárlás - online vásárlás internetes kereskedelem online értékesítés |
| Online Access: | http://dolgozattar.uni-bge.hu/59691 |
MARC
| LEADER | 00000nnm a2200000 i 4500 | ||
|---|---|---|---|
| 001 | dolg59691 | ||
| 005 | 20260409145430.0 | ||
| 008 | 260409suuuu hu o 000 hun d | ||
| 040 | |a BGE Dolgozattár Repozitórium |b hun | ||
| 041 | |a hu | ||
| 100 | 1 | |a Pásztor Dóra Ágnes | |
| 245 | 1 | 3 | |a Az e-kereskedelem fejlődése és trendjei |b Az Amazon sikertényezőinek elemzése |c Pásztor Dóra Ágnes |h [elektronikus dokumentum] |
| 516 | |a Project_work | ||
| 520 | 3 | |a A projektmunka témája az elektronikus kereskedelem fejlődésének és főbb trendjeinek bemutatása, valamint az Amazon vállalat sikertényezőinek elemzése. Az e-kereskedelem napjaink egyik legdinamikusabban fejlődő iparága, amely alapvetően formálja át a vásárlói szokásokat és az üzleti modelleket. A dolgozat első részében áttekintésre kerül az e-kereskedelem kialakulása és fejlődése, főbb trendjeinek bemutatása – mint például a mesterséges intelligencia, a mobiltechnológia, a blokklánc technológia, a Big Data alkalmazása vagy a fenntarthatósági törekvések. A második részben az Amazon vállalat sikertényezői kerülnek részletes elemzésre: ilyen például az ügyfélközpontúság, az innovatív logisztika, a globális jelenlét vagy a saját fejlesztésű szolgáltatások. A dolgozat végén bemutatásra kerül egy primer kutatás is, amely a technológiai fejlesztések és a vásárlói élmény kapcsolatát vizsgálja az online vásárlás népszerűségének növekedésével összefüggésben. Az eredmények azt mutatják, hogy az új technológiák alkalmazása és a felhasználói élmény optimalizálása jelentős szerepet játszik az e-kereskedelem terjedésében. | |
| 695 | |a e-kereskedelem | ||
| 695 | |a elektronikus kereskedelem - online kereskedelem | ||
| 695 | |a elektronikus vásárlás - online vásárlás | ||
| 695 | |a internetes kereskedelem | ||
| 695 | |a online értékesítés | ||
| 700 | 1 | |a Békési Gábor György |e ths | |
| 856 | 4 | 0 | |u http://dolgozattar.uni-bge.hu/59691/1/Projektmunka%20-%20P%C3%A1sztor%20D%C3%B3ra%20%C3%81gnes.pdf |z Dokumentum-elérés |
| 856 | 4 | 0 | |u http://dolgozattar.uni-bge.hu/59691/2/Biralat_P%C3%A1sztor%20D%C3%B3ra%20%C3%81gnes.pdf |z Dokumentum-elérés |